| 000 | 00904cam a2200253 4500 | ||
|---|---|---|---|
| 001 | ABS62397 | ||
| 008 | 000000n2000 000 0 eng u | ||
| 035 | _a(Sirsi) u106040 | ||
| 100 | _aMackmin, D. | ||
| 245 | 4 | _aThe assessment of worth: the need for standards | |
| 260 | _c2000 | ||
| 490 |
_aJournal of Property Investment and Finance _v18(1) April 2000, 52-65(13) |
||
| 520 | _aConsiders the RICS definition of worth and examines other definitions and meanings within the property investment market. Reviews the current provision for Discounted Cash Flow in standards. References. | ||
| 590 | _aABS | ||
| 650 | _aCALCULATION OF WORTH | ||
| 650 | _aINVESTMENT VALUE | ||
| 650 | _aDISCOUNTED CASH FLOW | ||
| 650 | _aVALUATION STANDARDS | ||
| 650 | _aOPEN MARKET VALUE | ||
| 650 | _aVALUERS | ||
| 690 | _aPROPERTY-PROPERTY APPRAISAL AND VALUATION | ||
| 700 | _aEmary, R. | ||
| 942 | _n0 | ||
| 999 |
_c63512 _d63512 |
||